<?xml version="1.0" encoding="UTF-8"?><?xml-stylesheet type="text/xsl" href="static/style.xsl"?><OAI-PMH xmlns="http://www.openarchives.org/OAI/2.0/" xmlns:xsi="http://www.w3.org/2001/XMLSchema-instance" xsi:schemaLocation="http://www.openarchives.org/OAI/2.0/ http://www.openarchives.org/OAI/2.0/OAI-PMH.xsd"><responseDate>2026-04-17T13:52:03Z</responseDate><request verb="GetRecord" identifier="oai:riubu.ubu.es:10259/7083" metadataPrefix="marc">https://riubu.ubu.es/oai/request</request><GetRecord><record><header><identifier>oai:riubu.ubu.es:10259/7083</identifier><datestamp>2022-10-06T00:05:21Z</datestamp><setSpec>com_10259_5377</setSpec><setSpec>com_10259_5086</setSpec><setSpec>com_10259_2604</setSpec><setSpec>com_10259_4292</setSpec><setSpec>com_10259_5363</setSpec><setSpec>com_10259.4_2519</setSpec><setSpec>com_10259.4_2512</setSpec><setSpec>com_10259.4_106</setSpec><setSpec>com_10259_3592</setSpec><setSpec>com_10259_3591</setSpec><setSpec>com_10259_4313</setSpec><setSpec>col_10259_5378</setSpec><setSpec>col_10259_4293</setSpec><setSpec>col_10259_5364</setSpec><setSpec>col_10259_6199</setSpec><setSpec>col_10259_3930</setSpec><setSpec>col_10259_4314</setSpec></header><metadata><record xmlns="http://www.loc.gov/MARC21/slim" xmlns:doc="http://www.lyncode.com/xoai" xmlns:xsi="http://www.w3.org/2001/XMLSchema-instance" xmlns:dcterms="http://purl.org/dc/terms/" xsi:schemaLocation="http://www.loc.gov/MARC21/slim http://www.loc.gov/standards/marcxml/schema/MARC21slim.xsd">
<leader>00925njm 22002777a 4500</leader>
<datafield tag="042" ind1=" " ind2=" ">
<subfield code="a">dc</subfield>
</datafield>
<datafield tag="720" ind1=" " ind2=" ">
<subfield code="a">Guembe García, Marta</subfield>
<subfield code="e">author</subfield>
</datafield>
<datafield tag="720" ind1=" " ind2=" ">
<subfield code="a">González Ceballos, Lara</subfield>
<subfield code="e">author</subfield>
</datafield>
<datafield tag="720" ind1=" " ind2=" ">
<subfield code="a">Arnáiz Alonso, Ana</subfield>
<subfield code="e">author</subfield>
</datafield>
<datafield tag="720" ind1=" " ind2=" ">
<subfield code="a">Fernández Muiño, Miguel Ángel</subfield>
<subfield code="e">author</subfield>
</datafield>
<datafield tag="720" ind1=" " ind2=" ">
<subfield code="a">Sancho Ortiz, María Teresa</subfield>
<subfield code="e">author</subfield>
</datafield>
<datafield tag="720" ind1=" " ind2=" ">
<subfield code="a">Osés Gómez, Sandra María</subfield>
<subfield code="e">author</subfield>
</datafield>
<datafield tag="720" ind1=" " ind2=" ">
<subfield code="a">Ibeas Cortes, Saturnino</subfield>
<subfield code="e">author</subfield>
</datafield>
<datafield tag="720" ind1=" " ind2=" ">
<subfield code="a">Rovira Carballido, Jordi</subfield>
<subfield code="e">author</subfield>
</datafield>
<datafield tag="720" ind1=" " ind2=" ">
<subfield code="a">Melero Gil, Beatriz</subfield>
<subfield code="e">author</subfield>
</datafield>
<datafield tag="720" ind1=" " ind2=" ">
<subfield code="a">Represa Pérez, César</subfield>
<subfield code="e">author</subfield>
</datafield>
<datafield tag="720" ind1=" " ind2=" ">
<subfield code="a">García Pérez, José Miguel</subfield>
<subfield code="e">author</subfield>
</datafield>
<datafield tag="720" ind1=" " ind2=" ">
<subfield code="a">Vallejos Calzada, Saúl</subfield>
<subfield code="e">author</subfield>
</datafield>
<datafield tag="260" ind1=" " ind2=" ">
<subfield code="c">2022-08</subfield>
</datafield>
<datafield tag="520" ind1=" " ind2=" ">
<subfield code="a">We have developed an in situ methodology for determining nitrite concentration in processed meats that can also be used by unskilled personnel. It is based on a colorimetric film-shaped sensory polymer that changes its color upon contacting the meat and a mobile app that automatically calculates the manufacturing and residual nitrite concentration by only taking digital photographs of sensory films and analyzing digital color parameters. The film-shaped polymer sensor detects nitrite anions by an azo-coupling reaction, since they activate this reaction between two of the four monomers that the copolymer is based on. The sensory polymer is complemented with an app, which analyzes the color in two different digital color spaces (RGB and HSV) and performs a set of 32 data fittings representing the concentration of nitrite versus eight different variables, finally providing the nitrite concentration of the test samples using the best fitting curve. The calculated concentration of nitrite correlates with a validated method (ISO 2918: 1975) usually used to determine nitrite, and no statistically significant difference between these methods and our proposed one has been found in our study (26 meat samples, 8 prepared, and 18 commercial). Our method represents a great advance in terms of analysis time, simplicity, and orientation to use by average citizens.</subfield>
</datafield>
<datafield tag="024" ind2=" " ind1="8">
<subfield code="a">1944-8244</subfield>
</datafield>
<datafield tag="024" ind2=" " ind1="8">
<subfield code="a">http://hdl.handle.net/10259/7083</subfield>
</datafield>
<datafield tag="024" ind2=" " ind1="8">
<subfield code="a">10.1021/acsami.2c09467</subfield>
</datafield>
<datafield tag="024" ind2=" " ind1="8">
<subfield code="a">1944-8252</subfield>
</datafield>
<datafield ind1=" " ind2=" " tag="653">
<subfield code="a">Polymer chemosensory films</subfield>
</datafield>
<datafield ind1=" " ind2=" " tag="653">
<subfield code="a">Sensors</subfield>
</datafield>
<datafield ind1=" " ind2=" " tag="653">
<subfield code="a">Nitrite in meat</subfield>
</datafield>
<datafield ind1=" " ind2=" " tag="653">
<subfield code="a">Colorimetry</subfield>
</datafield>
<datafield ind1=" " ind2=" " tag="653">
<subfield code="a">RGB</subfield>
</datafield>
<datafield ind1=" " ind2=" " tag="653">
<subfield code="a">HSV</subfield>
</datafield>
<datafield ind1=" " ind2=" " tag="653">
<subfield code="a">Color space</subfield>
</datafield>
<datafield tag="245" ind1="0" ind2="0">
<subfield code="a">Easy Nitrite Analysis of Processed Meat with Colorimetric Polymer Sensors and a Smartphone App</subfield>
</datafield>
</record></metadata></record></GetRecord></OAI-PMH>